[Event "Olympiad-44"]
[Site "Chennai"]
[Date "2022.08.02"]
[Round "5.2"]
[White "Abdelazeez, Mohamed Abdalla"]
[Black "Olson, Hamish"]
[Result "1/2-1/2"]
[WhiteElo "2182"]
[BlackElo "2343"]
[PlyCount "91"]
[EventDate "2022.07.29"]
[EventType "team-swiss"]
[EventRounds "11"]
[EventCountry "IND"]
[SourceTitle "CBM 210"]
[Source "ChessBase"]
[SourceDate "2022.10.31"]
[SourceVersion "1"]
[SourceVersionDate "2022.10.31"]
[SourceQuality "1"]
[WhiteTeam "Sudan"]
[BlackTeam "Scotland"]
[WhiteTeamCountry "SUD"]
[BlackTeamCountry "SCO"]

1. e4 e5 2. Nf3 Nc6 3. d4 exd4 4. Bc4 Nf6 5. e5 d5 6. Bb5 Ne4 7. Nxd4 Bd7 8. Bxc6 bxc6 9. 0-0 Bc5 10. f3 Ng5 11. Be3 Bb6 12. f4 Ne4 13. Nd2 Nxd2 14. Qxd2 c5 15. Nb3 d4 16. Bf2 Bc6 17. f5 Qd5 18. Qg5 h6 19. Qg3 0-0-0 20. a4 a5 21. Nd2 g6 22. f6 h5 23. h4 Qe6 24. Rfe1 Rhe8 25. Nf3 Bxf3 26. Qxf3 Qd5 27. Qf4 Re6 28. b3 c4 29. Rab1 cxb3 30. Rxb3 Rde8 31. Rb5 Qc4 32. Qe4 Rc6 33. Re2 Ree6 34. Rd5 Qxa4 35. Bxd4 Rc4 36. Rd2 c6 37. Rd7 Kxd7 38. Bxb6+ Kc8 39. Qd3 Kb7 40. Bf2 Ka6 41. Qd8 Qb4 42. c3 Rxc3 43. Rd4 Qb1+ 44. Kh2 c5 45. Qa8+ Kb5 46. Qb8+ 1/2-1/2

[Event "Addis Ababa zt 4.4"]
[Site "Addis Ababa"]
[Date "2022.05.08"]
[Round "9"]
[White "Mesfin, Leykun"]
[Black "Abdelazeez, Mohamed Abdalla"]
[Result "0-1"]
[WhiteElo "2102"]
[BlackElo "2180"]
[PlyCount "30"]
[EventDate "2022.05.02"]
[EventType "swiss"]
[EventRounds "9"]
[EventCountry "ETH"]
[SourceTitle "CBM 208 Extra"]
[Source "ChessBase"]
[SourceDate "2022.07.31"]
[SourceVersion "1"]
[SourceVersionDate "2022.07.31"]
[SourceQuality "1"]

1. e4 c5 2. Nf3 Nc6 3. Bb5 g6 4. Bxc6 bxc6 5. 0-0 d6 6. d4 cxd4 7. Qxd4 e5 8. Qc3 Qc7 9. Nbd2 Nf6 10. Re1 h6 11. b3 Be7 12. Bb2 Be6 13. Rad1 0-0 14. Nc4 Ne8 15. Ne3 Ng7 0-1

[Event "Addis Ababa zt 4.4"]
[Site "Addis Ababa"]
[Date "2022.05.06"]
[Round "6"]
[White "Abdelazeez, Mohamed Abdalla"]
[Black "Abera, Aydagnuhem Gezachew"]
[Result "0-1"]
[WhiteElo "2180"]
[BlackElo "2097"]
[PlyCount "40"]
[EventDate "2022.05.02"]
[EventType "swiss"]
[EventRounds "9"]
[EventCountry "ETH"]
[SourceTitle "CBM 208 Extra"]
[Source "ChessBase"]
[SourceDate "2022.07.31"]
[SourceVersion "1"]
[SourceVersionDate "2022.07.31"]
[SourceQuality "1"]

1. d4 Nf6 2. c4 g6 3. Nc3 Bg7 4. Bg5 0-0 5. e3 d6 6. Nf3 c5 7. Be2 cxd4 8. exd4 b6 9. 0-0 Bb7 10. Re1 e6 11. h3 Na6 12. a3 Nc7 13. b4 Qd7 14. Qc2 Rfe8 15. Rad1 Rac8 16. Bf4 Qe7 17. Bh2 Red8 18. Qb3 Ne4 19. Nxe4 Bxe4 20. Qe3 Bb7 0-1

[Event "Addis Ababa zt 4.4"]
[Site "Addis Ababa"]
[Date "2022.05.04"]
[Round "5"]
[White "Osman Dahir, Mahamed"]
[Black "Abdelazeez, Mohamed Abdalla"]
[Result "0-1"]
[WhiteElo "1824"]
[BlackElo "2180"]
[PlyCount "70"]
[EventDate "2022.05.02"]
[EventType "swiss"]
[EventRounds "9"]
[EventCountry "ETH"]
[SourceTitle "CBM 208 Extra"]
[Source "ChessBase"]
[SourceDate "2022.07.31"]
[SourceVersion "1"]
[SourceVersionDate "2022.07.31"]
[SourceQuality "1"]

1. d4 Nf6 2. c4 e6 3. a3 b6 4. f3 d5 5. Nc3 Bb7 6. Bg5 Be7 7. e3 Nbd7 8. Bd3 c5 9. Nge2 0-0 10. 0-0 Rc8 11. cxd5 Nxd5 12. Bxe7 Qxe7 13. Qd2 cxd4 14. Nxd5 Bxd5 15. Nxd4 g6 16. e4 Bb7 17. Qf2 Nc5 18. Bc2 e5 19. Ne2 Ba6 20. Rfd1 Bxe2 21. Qxe2 Ne6 22. Qf2 Qg5 23. Kh1 Rfd8 24. Rxd8+ Rxd8 25. Rd1 Rxd1+ 26. Bxd1 Nd4 27. f4 Qxf4 28. Qxf4 exf4 29. Kg1 Kg7 30. Kf2 Kf6 31. Bf3 Ke5 32. h3 Nb3 33. Ke2 Kd4 34. Kd1 Nc5 35. b4 Nxe4 0-1

[Event "Addis Ababa zt 4.4"]
[Site "Addis Ababa"]
[Date "2022.05.03"]
[Round "2"]
[White "Abdelazeez, Mohamed Abdalla"]
[Black "Omar, Abdulrahman"]
[Result "0-1"]
[WhiteElo "2180"]
[BlackElo "2005"]
[PlyCount "104"]
[EventDate "2022.05.02"]
[EventType "swiss"]
[EventRounds "9"]
[EventCountry "ETH"]
[SourceTitle "CBM 208 Extra"]
[Source "ChessBase"]
[SourceDate "2022.07.31"]
[SourceVersion "1"]
[SourceVersionDate "2022.07.31"]
[SourceQuality "1"]

1. Nf3 c5 2. c4 Nf6 3. Nc3 e6 4. g3 Nc6 5. Bg2 d5 6. cxd5 exd5 7. d4 c4 8. 0-0 Bb4 9. Bg5 Bxc3 10. bxc3 0-0 11. e4 Be6 12. e5 h6 13. exf6 hxg5 14. Nxg5 Qxf6 15. Qh5 Qh6 16. Qxh6 gxh6 17. Nxe6 fxe6 18. Rfe1 Rf6 19. f4 Kf7 20. Rab1 Rb8 21. Rb2 b5 22. Rbe2 Rd8 23. Kf2 b4 24. Ke3 bxc3 25. Rc1 Ne7 26. Bh3 Nf5+ 27. Bxf5 exf5 28. Kf3 Re6 29. Rxe6 Kxe6 30. Rxc3 Re8 31. Ra3 Kd6 32. Ra6+ Kc7 33. Rxa7+ Kb6 34. Rd7 Kc6 35. Ra7 Re4 36. Ra6+ Kb5 37. Rxh6 c3 38. a4+ Kxa4 39. Rc6 Kb3 40. Rc5 c2 41. Rb5+ Kc3 42. Rxd5 Rxd4 43. Rxf5 c1Q 44. Rc5+ Rc4 45. Rxc4+ Kxc4 46. Kg4 Kd5 47. Kg5 Ke4 48. h4 Qe3 49. g4 Qxf4+ 50. Kh5 Ke5 51. g5 Kf5 52. g6 Qg4+ 0-1

[Event "Addis Ababa zt 4.4"]
[Site "Addis Ababa"]
[Date "2022.05.02"]
[Round "1"]
[White "Terefe, Melkamu Sewunet"]
[Black "Abdelazeez, Mohamed Abdalla"]
[Result "0-1"]
[WhiteElo "1948"]
[BlackElo "2180"]
[PlyCount "24"]
[EventDate "2022.05.02"]
[EventType "swiss"]
[EventRounds "9"]
[EventCountry "ETH"]
[SourceTitle "CBM 208 Extra"]
[Source "ChessBase"]
[SourceDate "2022.07.31"]
[SourceVersion "1"]
[SourceVersionDate "2022.07.31"]
[SourceQuality "1"]

1. e4 c5 2. Nf3 Nc6 3. d4 cxd4 4. Nxd4 g6 5. Nc3 Bg7 6. Be3 Nf6 7. f3 0-0 8. Qd2 d5 9. Nxc6 bxc6 10. e5 Nd7 11. f4 e6 12. Na4 Nxe5 0-1

[Event "Mombasa zt 4.2"]
[Site "Mombasa"]
[Date "2019.05.09"]
[Round "7"]
[White "Abdelazeez, Mohamed Abdalla"]
[Black "Abdelhakiem"]
[Result "1/2-1/2"]
[WhiteElo "2175"]
[BlackElo "2009"]
[PlyCount "132"]
[EventDate "2019.05.05"]
[EventType "swiss"]
[EventRounds "9"]
[EventCountry "KEN"]
[SourceTitle "CBM 190 Extra"]
[Source "ChessBase"]
[SourceDate "2019.07.15"]
[SourceVersion "1"]
[SourceVersionDate "2019.07.15"]
[SourceQuality "1"]

1. Nf3 Nf6 2. c4 e6 3. e3 d5 4. b3 c6 5. Bb2 Nbd7 6. Be2 dxc4 7. bxc4 Bd6 8. Qc2 e5 9. Nc3 Qe7 10. d4 exd4 11. exd4 Bb4 12. 0-0 0-0 13. Bd3 Bxc3 14. Qxc3 Ne4 15. Qc2 f5 16. Rfe1 Re8 17. Nd2 Qh4 18. Bxe4 fxe4 19. Rxe4 Rxe4 20. Qxe4 Qxe4 21. Nxe4 Nb6 22. Nd6 Be6 23. Rc1 Na4 24. Re1 Bxc4 25. Nxc4 b5 26. Ne5 Nxb2 27. Nxc6 a6 28. g3 Kf8 29. Re3 Nc4 30. Rf3+ Ke8 31. d5 Nb6 32. Re3+ Kd7 33. Re7+ Kd6 34. Rxg7 Nxd5 35. Nd4 b4 36. Rb7 Kc5 37. Nc2 Kc6 38. Rxh7 a5 39. a3 Kc5 40. axb4+ Nxb4 41. Na3 Rb8 42. Rh5+ Nd5 43. h4 Rb3 44. Nc2 a4 45. Re5 Rc3 46. Ne3 Rd3 47. Nxd5 Rxd5 48. Re3 Kb4 49. Kg2 a3 50. Re2 Kb3 51. g4 a2 52. Re1 Kc2 53. Ra1 Kb2 54. Rxa2+ Kxa2 55. h5 Rg5 56. Kg3 Kb3 57. Kf4 Rg8 58. h6 Kc4 59. g5 Kd5 60. Kf5 Rf8+ 61. Kg6 Rxf2 62. Kg7 Ke6 63. h7 Rh2 64. g6 Kf5 65. Kf7 Rh3 66. Kg7 Rh2 1/2-1/2

[Event "Mombasa zt 4.2"]
[Site "Mombasa"]
[Date "2019.05.05"]
[Round "1"]
[White "Abdelazeez, Mohamed Abdalla"]
[Black "Weldegebriel Beraki, Kibrom"]
[Result "1-0"]
[WhiteElo "2175"]
[BlackElo "1767"]
[PlyCount "160"]
[EventDate "2019.05.05"]
[EventType "swiss"]
[EventRounds "9"]
[EventCountry "KEN"]
[SourceTitle "CBM 190 Extra"]
[Source "ChessBase"]
[SourceDate "2019.07.15"]
[SourceVersion "1"]
[SourceVersionDate "2019.07.15"]
[SourceQuality "1"]

1. Nf3 d5 2. e3 c5 3. c4 d4 4. exd4 cxd4 5. b4 g6 6. d3 Bg7 7. g3 e5 8. Bg2 Ne7 9. 0-0 0-0 10. Nbd2 a5 11. b5 f5 12. Re1 Qc7 13. Ba3 Re8 14. Rc1 Kh8 15. Ng5 h6 16. Nf7+ Kg8 17. Nd6 Rd8 18. c5 Nd7 19. b6 Qb8 20. Qb3+ Kh7 21. Qf7 Nc6 22. Ne8 Rxe8 23. Qxe8 Nf6 24. Qf7 Bd7 25. Nc4 e4 26. dxe4 fxe4 27. Bxe4 Nxe4 28. Qxd7 Ng5 29. Kg2 Qg8 30. h4 Rd8 31. Qg4 Qd5+ 32. f3 d3 33. Rcd1 Nxf3 34. Qxf3 Qxc4 35. Kh1 Qxa2 36. h5 Qxa3 37. hxg6+ Kh8 38. Rxd3 Qxd3 39. Re8+ Rxe8 40. Qxd3 Rb8 41. Qc4 Ne5 42. Qe4 Nc6 43. Kg2 Ra8 44. Qa4 Re8 45. Qg4 Ne5 46. Qe4 Rb8 47. Kf1 Nc6 48. Ke2 Ra8 49. Qa4 Bd4 50. Qc4 Bg7 51. Qf7 Rb8 52. Kd1 a4 53. Qa2 Ra8 54. Qa3 Nd4 55. Kc1 Bf6 56. Qa2 Nb3+ 57. Kb1 a3 58. c6 Nd2+ 59. Kc2 bxc6 60. b7 Rb8 61. Qxa3 Kg7 62. Qa7 Be5 63. Kxd2 Kxg6 64. Qe3 Rxb7 65. Qxe5 Rf7 66. Qe4+ Kg5 67. Qh4+ Kg6 68. Qg4+ Kf6 69. Qf3+ Kg7 70. Qxc6 Rf6 71. Qd7+ Kg6 72. Qg4+ Kh7 73. Ke3 Rg6 74. Qf5 Kg7 75. Qd7+ Kg8 76. Qe8+ Kg7 77. Qe7+ Kg8 78. Kf4 Rg7 79. Qe8+ Kh7 80. Qh5 Rg8 1-0

[Event "Arab-ch"]
[Site "Khartoum"]
[Date "2016.11.02"]
[Round "4"]
[White "Abdelazeez, Mohamed Abdalla"]
[Black "Nezad, Husein Aziz"]
[Result "0-1"]
[WhiteElo "2193"]
[BlackElo "2431"]
[PlyCount "87"]
[EventDate "2016.10.31"]
[EventType "tourn"]
[EventRounds "9"]
[EventCountry "SUD"]
[SourceTitle "CBM 175 Extra"]
[Source "ChessBase"]
[SourceDate "2016.12.12"]
[SourceVersion "1"]
[SourceVersionDate "2016.12.12"]
[SourceQuality "1"]

1. d4 Nf6 2. Nf3 g6 3. g3 Bg7 4. Bg2 c5 5. Nc3 cxd4 6. Nxd4 0-0 7. 0-0 Nc6 8. e4 d6 9. Nde2 Bd7 10. h3 Rb8 11. a4 a6 12. f4 b5 13. axb5 axb5 14. Be3 b4 15. Nb1 Qc7 16. Nd2 Bc8 17. Rc1 Bb7 18. c3 bxc3 19. Rxc3 Qd7 20. Nc4 Nb4 21. Nb6 Qd8 22. Rc4 Na6 23. b4 Nd7 24. Nxd7 Qxd7 25. Bd4 Qb5 26. Bxg7 Qxc4 27. Bxf8 Rxf8 28. Qd2 Bxe4 29. Bxe4 Qxe4 30. b5 Nc7 31. Nd4 e5 32. b6 Nd5 33. Nb5 exf4 34. b7 Ne3 35. Nxd6 Nxf1 36. Nxe4 Nxd2 37. Nf6+ Kg7 38. Nd7 Re8 39. gxf4 Nf3+ 40. Kf2 Nd4 41. b8Q Rxb8 42. Nxb8 Kf6 43. Ke3 Ne6 44. Ke4 0-1

[Event "Olympiad-42"]
[Site "Baku"]
[Date "2016.09.11"]
[Round "9.3"]
[White "Teklay, Teshager"]
[Black "Abdelazeez, Mohamed Abdalla"]
[Result "0-1"]
[WhiteElo "1868"]
[BlackElo "2183"]
[PlyCount "132"]
[EventDate "2016.09.02"]
[EventType "team-swiss"]
[EventRounds "11"]
[EventCountry "AZE"]
[SourceTitle "CBM 175"]
[Source "ChessBase"]
[SourceDate "2016.11.10"]
[SourceVersion "1"]
[SourceVersionDate "2016.11.10"]
[SourceQuality "1"]
[WhiteTeam "Ethiopia"]
[BlackTeam "Sudan"]
[WhiteTeamCountry "ETH"]
[BlackTeamCountry "SUD"]

1. d4 Nf6 2. c4 g6 3. Nc3 Bg7 4. Bf4 d6 5. e3 Nc6 6. Nf3 0-0 7. Be2 h6 8. h3 Nd7 9. 0-0 e5 10. Bh2 Ne7 11. b4 f5 12. c5 Kh7 13. Nb5 dxc5 14. bxc5 a6 15. Qa4 Rb8 16. Nc3 e4 17. Nd2 Nxc5 18. Qc4 Ne6 19. f3 b5 20. Qb3 Nxd4 21. exd4 Qxd4+ 22. Kh1 Qxc3 23. Rad1 e3 24. Qxc3 Bxc3 25. Nb1 Ba5 26. Be5 Be6 27. a4 f4 28. Na3 Rf5 29. Bb2 c5 30. Rd6 Rb6 31. Rxb6 Bxb6 32. axb5 axb5 33. Bxb5 c4 34. Bxc4 Bxc4 35. Nxc4 Bc5 36. Re1 Rd5 37. g3 g5 38. Kg2 Nf5 39. Be5 Nd6 40. Bxd6 Bxd6 41. gxf4 gxf4 42. Nxe3 fxe3 43. Rxe3 Rd2+ 44. Kf1 Rh2 45. f4 Bxf4 46. Rf3 Be5 47. Kg1 Rc2 48. Kf1 Kg6 49. Re3 Kf5 50. Rf3+ Ke4 51. Rf2 Rc3 52. Re2+ Kf5 53. Kf2 Rxh3 54. Kg2 Rg3+ 55. Kh1 Ra3 56. Kg2 h5 57. Rf2+ Kg4 58. Re2 Bf4 59. Re1 Ra2+ 60. Kg1 Kf3 61. Rf1+ Kg3 62. Re1 Rg2+ 63. Kh1 Rh2+ 64. Kg1 Rh4 65. Re2 Rg4 66. Kh1 Bh6 0-1

[Event "Olympiad-42"]
[Site "Baku"]
[Date "2016.09.04"]
[Round "3.3"]
[White "Ben Ammar, Mohamed"]
[Black "Abdelazeez, Mohamed Abdalla"]
[Result "0-1"]
[WhiteElo "1929"]
[BlackElo "2183"]
[PlyCount "90"]
[EventDate "2016.09.02"]
[EventType "team-swiss"]
[EventRounds "11"]
[EventCountry "AZE"]
[SourceTitle "CBM 175"]
[Source "ChessBase"]
[SourceDate "2016.11.10"]
[SourceVersion "1"]
[SourceVersionDate "2016.11.10"]
[SourceQuality "1"]
[WhiteTeam "Tunisia"]
[BlackTeam "Sudan"]
[WhiteTeamCountry "TUN"]
[BlackTeamCountry "SUD"]

1. Nf3 Nf6 2. d4 d5 3. c4 c6 4. e3 e6 5. Nc3 Be7 6. Bd3 0-0 7. 0-0 Nbd7 8. b3 Re8 9. Bb2 Bd6 10. e4 e5 11. Re1 exd4 12. Nxd4 Nc5 13. cxd5 Bxh2+ 14. Kxh2 Ng4+ 15. Kg3 Qf6 16. Rf1 Qg6 17. Kf4 Qh6+ 18. Kf3 Nxd3 19. Qxd3 Ne5+ 20. Ke2 Nxd3 21. Kxd3 cxd5 22. Nxd5 b6 23. b4 Bb7 24. Nc3 Rad8 25. Rad1 Qd6 26. Ke3 Qxb4 27. Ba1 Rc8 28. Rc1 Rc4 29. Rfd1 Qc5 30. f3 Rd8 31. Nce2 Ba6 32. Rxc4 Qxc4 33. Nc3 Qc5 34. Nd5 f5 35. g4 fxe4 36. fxe4 Re8 37. Kf4 Qd6+ 38. Kf3 Qh2 39. Nf4 Rf8 40. Nf5 g6 41. Ne7+ Kf7 42. Nc6 Bc8 43. Be5 g5 44. Nd8+ Kg8 45. Nc6 Rxf4+ 0-1

[Event "Olympiad-42"]
[Site "Baku"]
[Date "2016.09.02"]
[Round "1.4"]
[White "Abdelazeez, Mohamed Abdalla"]
[Black "Petrov, Martin"]
[Result "1-0"]
[WhiteElo "2183"]
[BlackElo "2458"]
[PlyCount "99"]
[EventDate "2016.09.02"]
[EventType "team-swiss"]
[EventRounds "11"]
[EventCountry "AZE"]
[SourceTitle "CBM 175"]
[Source "ChessBase"]
[SourceDate "2016.11.10"]
[SourceVersion "1"]
[SourceVersionDate "2016.11.10"]
[SourceQuality "1"]
[WhiteTeam "Sudan"]
[BlackTeam "Bulgaria"]
[WhiteTeamCountry "SUD"]
[BlackTeamCountry "BUL"]

1. d4 Nf6 2. c4 e6 3. Nf3 b6 4. g3 Bb4+ 5. Nbd2 Ba6 6. Qc2 Bb7 7. Bg2 Be4 8. Qb3 Nc6 9. 0-0 Bxd2 10. Bxd2 0-0 11. Qe3 d5 12. b3 Rc8 13. Bc3 Ne7 14. Rfd1 Nf5 15. Qc1 Qd6 16. Bh3 Bxf3 17. exf3 Qc6 18. c5 Rfe8 19. b4 Rcd8 20. a4 bxc5 21. Bxf5 exf5 22. dxc5 a5 23. b5 Qxc5 24. Bxf6 Qxc1 25. Raxc1 gxf6 26. Rxc7 d4 27. Rd3 Rd6 28. Kg2 Kg7 29. Ra7 Re2 30. Rxa5 Ra2 31. f4 Re6 32. h3 Ree2 33. Rf3 d3 34. b6 Reb2 35. Rb5 Rxb5 36. axb5 d2 37. Rd3 Rb2 38. Rd5 d1Q 39. Rxd1 Rxb5 40. Rd6 Rb3 41. Kf1 Rb2 42. Ke1 Kg6 43. Kd1 Rxf2 44. Rd2 Rf1+ 45. Kc2 Re1 46. b7 Re8 47. Rd7 h5 48. h4 Kg7 49. Rc7 Rb8 50. Kd3 1-0

[Event "Africa zt 4.2"]
[Site "Dar es Salaam"]
[Date "2016.04.24"]
[Round "3"]
[White "Nsubuga, Haruna"]
[Black "Abdelazeez, Mohamed Abdalla"]
[Result "0-1"]
[WhiteElo "2105"]
[BlackElo "2182"]
[PlyCount "55"]
[EventDate "2016.04.23"]
[EventType "swiss"]
[EventRounds "9"]
[EventCountry "TAN"]
[SourceTitle "EXT 2017"]
[Source "ChessBase"]
[SourceDate "2016.10.25"]
[SourceVersion "1"]
[SourceVersionDate "2016.10.25"]
[SourceQuality "1"]

1. e4 e5 2. Nf3 Nc6 3. d4 exd4 4. Nxd4 Bc5 5. Be3 Qf6 6. c3 d6 7. Bb5 Bd7 8. 0-0 Nge7 9. Na3 0-0-0 10. b4 Bxd4 11. cxd4 d5 12. Rc1 Qd6 13. Bxc6 Bxc6 14. Rc5 dxe4 15. Nc4 Qe6 16. Na5 b6 17. Rxc6 Nxc6 18. Nxc6 Qxc6 19. Qb3 Qd5 20. Qa4 Kb8 21. Rc1 g5 22. Rc3 Rhg8 23. Ra3 Qb7 24. Qb5 Rd5 25. Qc4 f5 26. b5 Rdd8 27. f3 f4 28. fxe4 0-1